Human biology and medical terminology applications / (Record no. 2662)
[ view plain ]
| 000 -LEADER | |
|---|---|
| fixed length control field | 00670cam a22002057a 4500 |
| 001 - CONTROL NUMBER | |
| control field | 13578541 |
| 005 - DATE AND TIME OF LATEST TRANSACTION | |
| control field | 20250118125130.0 |
| 008 - FIXED-LENGTH DATA ELEMENTS--GENERAL INFORMATION | |
| fixed length control field | 040430s2005 enka 000 0 eng d |
| 020 ## - INTERNATIONAL STANDARD BOOK NUMBER | |
| International Standard Book Number | 9780130139337 |
| 050 00 - LIBRARY OF CONGRESS CALL NUMBER | |
| Classification number | R123 |
| Item number | .W568 2005 |
| 082 04 - DEWEY DECIMAL CLASSIFICATION NUMBER | |
| Classification number | 610.14 |
| Edition information | 21 |
| 100 1# - MAIN ENTRY--PERSONAL NAME | |
| Personal name | Wistreich, George A. |
| 245 10 - TITLE STATEMENT | |
| Title | Human biology and medical terminology applications / |
| Statement of responsibility, etc. | George A. Wistreich. |
| 260 ## - PUBLICATION, DISTRIBUTION, ETC. | |
| Place of publication, distribution, etc. | Upper Saddle River, N.J. : |
| Name of publisher, distributor, etc. | Pearson/Prentice Hall, |
| Date of publication, distribution, etc. | c2005. |
| 300 ## - PHYSICAL DESCRIPTION | |
| Extent | vi, 457 p. : |
| Other physical details | ill. ; |
| Dimensions | 27 cm. + |
| Accompanying material | 1 CD-ROM (4 3/4 in.) |
| 500 ## - GENERAL NOTE | |
| General note | Includes index on CD-ROM. |
| 650 #0 - SUBJECT ADDED ENTRY--TOPICAL TERM | |
| Topical term or geographic name entry element | Medicine |
| Form subdivision | Terminology. |
| 650 #0 - SUBJECT ADDED ENTRY--TOPICAL TERM | |
| Topical term or geographic name entry element | Human biology |
| Form subdivision | Terminology. |
| 942 ## - ADDED ENTRY ELEMENTS (KOHA) | |
| Source of classification or shelving scheme | Library of Congress Classification |
| Koha item type | Books |
| Suppress in OPAC | No |
| 999 ## - | |
| -- | 2662 |
| -- | 2662 |
| Withdrawn status | Lost status | Source of classification or shelving scheme | Damaged status | Not for loan | Collection | Home library | Current library | Shelving location | Date acquired | Total checkouts | Full call number | Barcode | Date last seen | Copy number | Price effective from | Koha item type |
|---|---|---|---|---|---|---|---|---|---|---|---|---|---|---|---|---|
| Library of Congress Classification | Non-fiction | Science Library (Miotso) | Science Library (Miotso) | General stacks | 01/18/2025 | R123 .W568 WIS | SLM00001994 | 01/18/2025 | 1 | 01/18/2025 | Books | |||||
| Library of Congress Classification | Non-fiction | Science Library (Miotso) | Science Library (Miotso) | General stacks | 01/18/2025 | R123 .W568 WIS | SLM00001995 | 01/18/2025 | 2 | 01/18/2025 | Books | |||||
| Library of Congress Classification | Non-fiction | Science Library (Miotso) | Science Library (Miotso) | General stacks | 01/18/2025 | R123 .W568 WIS | SLM00001996 | 01/18/2025 | 3 | 01/18/2025 | Books | |||||
| Library of Congress Classification | Non-fiction | Science Library (Miotso) | Science Library (Miotso) | General stacks | 01/18/2025 | R123 .W568 WIS | SLM00001997 | 01/18/2025 | 4 | 01/18/2025 | Books |